|
|
|
|
| LEADER |
00000nam0a2200000 4500 |
| 001 |
361258 |
| 005 |
20231102011354.0 |
| 035 |
|
|
|a (RuTPU)RU\TPU\retro\18584
|
| 090 |
|
|
|a 361258
|
| 100 |
|
|
|a 20210601d1964 m y0rusy50 ca
|
| 101 |
0 |
|
|a ger
|
| 102 |
|
|
|a RU
|
| 105 |
|
|
|a a j 001zy
|
| 200 |
1 |
|
|a Путешествия по Азии
|f Б. Келлерман
|g сост. Г. Ю. Бергельсон
|d Reisen in Asien
|
| 210 |
|
|
|a Москва
|a Ленинград
|c Просвещение
|d 1964
|
| 215 |
|
|
|a 174 с.
|c ил.
|
| 300 |
|
|
|a На нем. яз.
|
| 320 |
|
|
|a Комментарии: с. 158-173
|
| 510 |
1 |
|
|a Reisen in Asien
|z ger
|
| 606 |
1 |
|
|a Немецкий язык
|x Для вузов
|x Учебные руководства и пособия. Хрестоматии. Книги для чтения
|2 stltpush
|3 (RuTPU)RU\TPU\subj\45401
|9 64643
|
| 610 |
1 |
|
|a лексика
|
| 610 |
1 |
|
|a чтение
|
| 610 |
1 |
|
|a адаптированные тексты
|
| 610 |
1 |
|
|a география
|
| 610 |
1 |
|
|a Азия
|
| 610 |
1 |
|
|a путешествия
|
| 686 |
|
|
|a Ш143.24-923.8
|v LBC/SL-A
|2 rubbk
|
| 700 |
|
1 |
|a Келлерман
|b Б.
|g Бернгард
|
| 702 |
|
1 |
|a Бергельсон
|b Г. Ю.
|4 220
|
| 801 |
|
1 |
|a RU
|b 63413507
|c 20210601
|
| 801 |
|
2 |
|a RU
|b 63413507
|c 20230222
|g RCR
|
| 942 |
|
|
|c BK
|